[Event "Saint Quentin op 11th"]
[Site "Elancourt"]
[Date "2009.04.24"]
[Round "8"]
[White "Le Port, Luc"]
[Black "Collette, Gilles"]
[Result "0-1"]
[WhiteElo "1577"]
[BlackElo "1914"]
[PlyCount "100"]
[EventDate "2009.04.18"]
[EventType "swiss"]
[EventRounds "9"]
[EventCountry "FRA"]
[SourceTitle "CBM 129 Extra"]
[Source "ChessBase"]
[SourceDate "2009.05.05"]
[SourceVersion "2"]
[SourceVersionDate "2009.05.20"]
[SourceQuality "1"]

1. d4 Nf6 2. c4 Nc6 3. Nc3 e5 4. d5 Ne7 5. e4 Ng6 6. Bd3 Bc5 7. Nf3 0-0 8. 0-0 d6 9. Rb1 a5 10. a3 Nh5 11. b4 axb4 12. axb4 Bb6 13. Na4 Ba7 14. c5 Nhf4 15. Rb3 Bd7 16. Ra3 Nxd3 17. Qxd3 Qe8 18. Qc2 f5 19. exf5 Bxf5 20. Qb3 Bd7 21. Be3 Nf4 22. Rfa1 Rc8 23. Nc3 Bb8 24. c6 bxc6 25. dxc6+ Be6 26. Qa4 Qg6 27. Bxf4 Rxf4 28. Ne2 Rc4 29. Ng3 Qe8 30. Ng5 Bd5 31. Qb5 Qxc6 32. Qxc6 Rxc6 33. b5 Rb6 34. Nf5 Re8 35. Ra5 g6 36. Ne3 Bf7 37. Nxf7 Kxf7 38. Nd5 Rb7 39. g3 Ke6 40. Nc3 Rc8 41. Rb1 Ba7 42. Nd5 Bxf2+ 43. Kxf2 Kxd5 44. Ke3 Ke6 45. h3 Rcb8 46. Kd3 c6 47. Kc4 Rxb5 48. Rbxb5 Rxb5 49. Rxb5 cxb5+ 50. Kxb5 Kd5 0-1

[Event "Saint Quentin op 11th"]
[Site "Elancourt"]
[Date "2009.04.19"]
[Round "2"]
[White "Le Port, Luc"]
[Black "Costa, Pierre Jean"]
[Result "0-1"]
[WhiteElo "1577"]
[BlackElo "1891"]
[PlyCount "70"]
[EventDate "2009.04.18"]
[EventType "swiss"]
[EventRounds "9"]
[EventCountry "FRA"]
[SourceTitle "CBM 129 Extra"]
[Source "ChessBase"]
[SourceDate "2009.05.05"]
[SourceVersion "2"]
[SourceVersionDate "2009.05.20"]
[SourceQuality "1"]

1. d4 d5 2. Nf3 Nf6 3. Nc3 e6 4. Bf4 a6 5. a3 c5 6. e3 Nc6 7. Bd3 Be7 8. 0-0 Nh5 9. Ne2 c4 10. Bxc4 dxc4 11. e4 Nxf4 12. Nxf4 0-0 13. d5 exd5 14. exd5 Nb8 15. Rb1 Bg4 16. h3 Bxf3 17. Qxf3 Bd6 18. Ne2 Nd7 19. Nd4 Qf6 20. Qg4 Nb6 21. Nf3 Rad8 22. h4 Qf4 23. Qh3 Nxd5 24. Rfd1 Bc5 25. b4 Bb6 26. Rd2 Nc3 27. Rxd8 Rxd8 28. Re1 h6 29. Kf1 Ne4 30. Re2 Rd1+ 31. Re1 Rxe1+ 32. Kxe1 Bxf2+ 33. Ke2 Qe3+ 34. Kf1 Nd2+ 35. Nxd2 Qe1# 0-1

[Event "Elancourt op 10th"]
[Site "Elancourt"]
[Date "2007.04.14"]
[Round "1"]
[White "Delpech, Olivier"]
[Black "Le Port, Luc"]
[Result "1/2-1/2"]
[WhiteElo "1855"]
[BlackElo "1320"]
[PlyCount "93"]
[EventDate "2007.04.14"]
[EventType "swiss"]
[EventRounds "9"]
[EventCountry "FRA"]
[SourceTitle "CBM 118 Extra"]
[Source "ChessBase"]
[SourceDate "2007.07.04"]
[SourceVersion "1"]
[SourceVersionDate "2007.07.04"]
[SourceQuality "1"]

1. c4 d6 2. Nc3 Nf6 3. g3 e5 4. Bg2 Nc6 5. e3 Be6 6. b3 d5 7. cxd5 Nxd5 8. Nge2 Bb4 9. Qc2 Nxc3 10. dxc3 Be7 11. 0-0 0-0 12. f4 Bd7 13. fxe5 Nxe5 14. Bxb7 Bh3 15. Rd1 Bd6 16. Ba3 Qb8 17. Bxd6 Qxb7 18. Nf4 Nf3+ 19. Kf2 Nxh2 20. e4 Qb6+ 21. Rd4 cxd6 22. Nxh3 Rac8 23. Qd3 Rfd8 24. Nf4 Qc5 25. Nd5 Re8 26. b4 Ng4+ 27. Kg2 Qc6 28. Rf1 Qd7 29. c4 Re5 30. Nf4 g5 31. Rxd6 Qe7 32. Rd7 Qxb4 33. Kh3 Nf2+ 34. Rxf2 gxf4 35. Rd8+ Rxd8 36. Qxd8+ Qf8 37. Qxf8+ Kxf8 38. Rxf4 a5 39. Rf2 Rc5 40. Rc2 h5 41. Kg2 Ke7 42. Kf3 Ke6 43. Ke3 Kd6 44. Kd4 f6 45. Rf2 Rg5 46. Rxf6+ Ke7 47. Rh6 1/2-1/2